|
|
|
|
| LEADER |
00000naa0a2200000 4500 |
| 001 |
312646 |
| 005 |
20250121165103.0 |
| 035 |
|
|
|a (RuTPU)RU\TPU\book\338015
|
| 090 |
|
|
|a 312646
|
| 100 |
|
|
|a 20151225d1972 k y0rusy50 ca
|
| 101 |
0 |
|
|a rus
|
| 102 |
|
|
|a RU
|
| 200 |
1 |
|
|a Сенсибилизация фотолиза тяжелых металлов
|f Ю. А. Захаров [и др.]
|
| 333 |
|
|
|a В фонде НТБ ТПУ отсутствует
|
| 463 |
|
|
|t Первая Всесоюзная конференция по бессеребряным и необычным фотографическим процессам
|o тезисы докладов
|v С. 164-167
|n [Б. и.]
|d 1972
|
| 610 |
1 |
|
|a труды учёных ТПУ
|
| 701 |
|
1 |
|a Захаров
|b Ю. А.
|c российский химик
|c профессор Томского политехнического университета
|f 1938-
|g Юрий Александрович
|3 (RuTPU)RU\TPU\pers\19791
|
| 701 |
|
1 |
|a Абакумов
|b Е. П.
|
| 701 |
|
1 |
|a Александров
|b Е. И.
|
| 701 |
|
1 |
|a Гаврищенко
|b Ю. В.
|
| 701 |
|
1 |
|a Иванов
|b Г. Ф.
|
| 801 |
|
1 |
|a RU
|b 63413507
|c 20151225
|
| 942 |
|
|
|c BK
|